| 000 -LEADER |
| fixed length control field |
00876cam a22002054a 4500 |
| 001 - CONTROL NUMBER |
| control field |
12031691 |
| 005 - DATE AND TIME OF LATEST TRANSACTION |
| control field |
20210611122015.0 |
| 008 - FIXED-LENGTH DATA ELEMENTS--GENERAL INFORMATION |
| fixed length control field |
000606s2000 nyua b 001 0 eng |
| 020 ## - INTERNATIONAL STANDARD BOOK NUMBER |
| International Standard Book Number |
9780891283461 |
| 041 ## - LANGUAGE CODE |
| Language code of text/sound track or separate title |
eng |
| 080 ## - UNIVERSAL DECIMAL CLASSIFICATION NUMBER |
| Universal Decimal Classification number |
376.2 L -88 |
| 245 00 - TITLE STATEMENT |
| Title |
Looking to learn : |
| Remainder of title |
promoting literacy for students with low vision / |
| Statement of responsibility, etc. |
Frances Mary D'Andrea and Carol Farrenkopf, editors. |
| 264 ## - PRODUCTION, PUBLICATION, DISTRIBUTION, MANUFACTURE, AND COPYRIGHT NOTICE |
| Place of production, publication, distribution, manufacture |
New York : |
| Name of producer, publisher, distributor, manufacturer |
AFB Press, |
| Date of production, publication, distribution, manufacture, or copyright notice |
2000. |
| 300 ## - PHYSICAL DESCRIPTION |
| Extent |
242 p. : |
| Other physical details |
ill. ; |
| Dimensions |
25 cm. |
| 653 ## - INDEX TERM--UNCONTROLLED |
| keyword |
დაბალი მხედველობის მქონე სტუდენტების წიგნიერების განვითარება |
| 653 ## - INDEX TERM--UNCONTROLLED |
| keyword |
повышение грамотности учащихся с плохим зрением |
| 700 1# - ADDED ENTRY--PERSONAL NAME |
| Personal name |
D'Andrea, Frances Mary, |
| Dates associated with a name |
1960- |
| 9 (RLIN) |
12020 |
| 700 1# - ADDED ENTRY--PERSONAL NAME |
| Personal name |
Farrenkopf, Carol. |
| 9 (RLIN) |
12021 |
| 942 ## - ADDED ENTRY ELEMENTS (KOHA) |
| Source of classification or shelving scheme |
|
| Koha item type |
წიგნი |